000
00303 a2200109 4500
001
ART_44639
005
20260410162002.0
008
260409a
245
1
0
_a
No huir de los tratados
100
1
_a
Saba, Roberto
773
0
_t
Pensar en derecho
_g
- Año 5, Nº 10 (oct. 2017)
_w
REV28996
999
_c
31355
_d
31355